000146672 001__ 146672 000146672 005__ 20241126113442.0 000146672 037__ $$aTAZ-TFG-2023-3420 000146672 041__ $$aspa 000146672 1001_ $$aCidoncha Laguarta, Sébastien 000146672 24200 $$aEfficiency improvement in genset through variable speed control. 000146672 24500 $$aMejora de la eficiencia en grupos electrógenos mediante control a velocidad variable. 000146672 260__ $$aZaragoza$$bUniversidad de Zaragoza$$c2023 000146672 506__ $$aby-nc-sa$$bCreative Commons$$c3.0$$uhttp://creativecommons.org/licenses/by-nc-sa/3.0/ 000146672 520__ $$aEste trabajo presenta un estudio sobre la reducción de consumo de combustible en grupos electrógenos gracias al diseño de un control a velocidad variable. El objetivo es cumplir con los Objetivos de Desarrollo Sostenible (ODS) para 2030. Para dar el máximo crédito posible al modelo estudiado, se analiza el funcionamiento de un grupo electrógeno convencional, a velocidad fija, realizando una prueba experimental. A partir de los resultados obtenidos, se ajusta un modelo teórico mediante un programa de simulación. Gracias al modelo teórico convencional, se propone una mejora con un control a velocidad variable con el fin de observar si, en igualdad de condiciones de uso, el consumo podría ser menor reduciendo la velocidad sin interferir en el rendimiento del grupo electrógeno. A la vista de los resultados obtenidos en las diferentes pruebas realizadas y por la colaboración de la empresa Atlas Copco con este estudio, se contemplará la posibilidad de implementar la mejora a algunos de sus futuros grupos electrógenos en producción.<br /><br /> 000146672 521__ $$aGraduado en Ingeniería Eléctrica 000146672 540__ $$aDerechos regulados por licencia Creative Commons 000146672 700__ $$a $$edir. 000146672 700__ $$aBescós Gazcón, Pablo Javier$$edir. 000146672 7102_ $$aUniversidad de Zaragoza$$bIngeniería Eléctrica$$cIngeniería Eléctrica 000146672 7202_ $$aVilla Gazulla, Juan Luis$$eponente 000146672 8560_ $$f723346@unizar.es 000146672 8564_ $$s8666574$$uhttps://zaguan.unizar.es/record/146672/files/TAZ-TFG-2023-3420.pdf$$yMemoria (spa) 000146672 909CO $$ooai:zaguan.unizar.es:146672$$pdriver$$ptrabajos-fin-grado 000146672 950__ $$a 000146672 951__ $$adeposita:2024-11-26 000146672 980__ $$aTAZ$$bTFG$$cEINA 000146672 999__ $$a20230830195249.CREATION_DATE